A genetic switch : phage lambda revisited (Record no. 341116)

MARC details
000 -LEADER
fixed length control field 00825nam a2200265Ia 4500
008 - FIXED-LENGTH DATA ELEMENTS--GENERAL INFORMATION
fixed length control field 191130s2004##################000#0#eng##
020 ## - INTERNATIONAL STANDARD BOOK NUMBER
International Standard Book Number 879697172
040 ## - CATALOGING SOURCE
Original cataloging agency ACL
Transcribing agency ACL
082 ## - DEWEY DECIMAL CLASSIFICATION NUMBER
Classification number 579.26 PTA
100 ## - MAIN ENTRY--PERSONAL NAME
Personal name Ptashne, Mark
245 ## - TITLE STATEMENT
Title A genetic switch : phage lambda revisited
Statement of responsibility, etc. Mark Ptashne
250 ## - EDITION STATEMENT
Edition statement 3rd ed
260 ## - PUBLICATION, DISTRIBUTION, ETC.
Place of publication, distribution, etc. Cold Spring Harbor, N.Y
Name of publisher, distributor, etc. Cold Spring Harbor Laboratory Press
Date of publication, distribution, etc. 2004
300 ## - PHYSICAL DESCRIPTION
Extent xiv, 154 p. : ill. (some col.) ; 23 cm
500 ## - GENERAL NOTE
General note Includes bibliographical references and index
650 ## - SUBJECT ADDED ENTRY--TOPICAL TERM
Topical term or geographic name entry element Bacteriophage lambda
Topical term or geographic name entry element Bacteriophage lambda - genetics
Topical term or geographic name entry element Gene Expression Regulation
Topical term or geographic name entry element Genes, Viral
Topical term or geographic name entry element Genetic regulation
Topical term or geographic name entry element Lysogeny
990 ## - EQUIVALENCES OR CROSS-REFERENCES [LOCAL, CANADA]
Link information for 9XX fields c82c8957ac10000c4d851318bae97eea
991 ## -
-- 232485
Holdings
Withdrawn status Lost status Materials specified (bound volume or other part) Damaged status Not for loan Home library Current library Shelving location Date acquired Total Checkouts Full call number Barcode Date last seen Price effective from Koha item type
    pbk     Anna Centenary Library Anna Centenary Library 5TH FLOOR, A WING 15.10.2020   579.26 PTA 335768 15.10.2020 15.10.2020 English Books

Find us on the map